000 00544nam a22001937a 4500
003 OSt
005 20140310182000.0
008 130727t xxu||||| |||| 00| 0 eng d
020 _a9711900033
050 _aLC 315
_b.Se487 1998
082 _aFIL 303.372599
_bSe6 1998
245 _aAng pamilya Ismid
_cSerrano, Ramoncito
260 _aPhilippines :
_bCacho Pub. House,
_cc1998.
300 _a16p. :
_b ill. ;
520 _a1. Moral education--Philippines. 2. Values--Philippines.
562 _e1
942 _2lcc
_cBK
999 _c7982
_d7982